[Event "15th Governor Cup 2019"]
[Site "Khanty-Mansiysk"]
[Date "2019.11.20"]
[Round "3.16"]
[White "Martynyuk, Elizaveta"]
[Black "Obgolts, Erik"]
[Result "1/2-1/2"]
[WhiteElo "2020"]
[BlackElo "2371"]
[Annotator "ChessBase"]
[PlyCount "116"]
[EventDate "2019.11.19"]
[EventType "swiss"]
[EventCountry "RUS"]
[SourceTitle "playchess.com"]
[Source "ChessBase"]
[SourceQuality "1"]
[TimeControl "5400+30"]

1. e4 {[%emt 0:03:32]} g6 {[%emt 0:00:00]} 2. d4 {[%emt 0:00:16]} Bg7 {[%emt 0:00:00]} 3. Nc3 {[%emt 0:00:14]} c6 {[%emt 0:00:00]} 4. Be3 {[%emt 0:00:05]} d5 {[%emt 0:00:00]} 5. Qd2 {[%emt 0:10:03]} dxe4 {[%emt 0:01:31]} 6. Nxe4 {[%emt 0:00:06]} Nd7 {[%emt 0:00:24]} 7. O-O-O {[%emt 0:03:33]} Ngf6 {[%emt 0:00:31]} 8. f3 {[%emt 0:01:23]} O-O {[%emt 0:01:55]} 9. Bh6 {[%emt 0:01:28]} e5 {[%emt 0:06:27]} 10. Bxg7 {[%emt 0:03:15]} Kxg7 {[%emt 0:00:19]} 11. Nxf6 {[%emt 0:03:19]} Qxf6 {[%emt 0:00:10]} 12. h4 {[%emt 0:00:09]} h6 {[%emt 0:17:12]} 13. g4 {[%emt 0:05:37]} exd4 {[%emt 0:08:39]} 14. g5 {[%emt 0:00:15]} Qd6 {[%emt 0:13:13]} 15. h5 {[%emt 0:03:06]} hxg5 {[%emt 0:03:36]} 16. Nh3 {[%emt 0:02:27]} f6 {[%emt 0:10:23]} 17. hxg6 {[%emt 0:03:42]} Rh8 {[%emt 0:07:32]} 18. Be2 {[%emt 0:11:09]} Ne5 {[%emt 0:09:07]} 19. Nxg5 {[%emt 0:02:17]} Bf5 {[%emt 0:01:04]} 20. Ne4 {[%emt 0:06:59]} Bxe4 {[%emt 0:00:11]} 21. fxe4 {[%emt 0:00:28]} Nxg6 {[%emt 0:03:25]} 22. Rxh8 {[%emt 0:02:48]} Rxh8 {[%emt 0:00:09]} 23. Qxd4 {[%emt 0:01:05]} Qxd4 {[%emt 0:00:22]} 24. Rxd4 {[%emt 0:00:05]} Ne5 {[%emt 0:00:05]} 25. a4 {[%emt 0:04:21]} Rh2 {[%emt 0:03:30]} 26. Bd1 {[%emt 0:00:25]} Rh8 {[%emt 0:02:15]} 27. a5 {[%emt 0:00:08]} Kf7 {[%emt 0:00:17]} 28. Rb4 {[%emt 0:04:17]} Rb8 {[%emt 0:00:06]} 29. Kd2 {[%emt 0:00:30]} Ke7 {[%emt 0:02:16]} 30. Ke3 {[%emt 0:00:19]} b5 {[%emt 0:04:00]} 31. axb6 {[%emt 0:00:23]} axb6 {[%emt 0:00:03]} 32. Ra4 {[%emt 0:00:08]} Rh8 {[%emt 0:02:34]} 33. Be2 {[%emt 0:02:23]} Rh1 {[%emt 0:02:49]} 34. Ra6 {[%emt 0:02:53]} b5 {[%emt 0:00:25]} 35. b3 {[%emt 0:02:04]} Kd7 {[%emt 0:00:56]} 36. Kd4 {[%emt 0:01:00]} Kc7 {[%emt 0:01:17]} 37. Bd3 {[%emt 0:05:19]} Kb7 {[%emt 0:00:05]} 38. Ra2 {[%emt 0:00:15]} Rc1 {[%emt 0:01:01]} 39. Kc3 {[%emt 0:00:19]} Rb1 {[%emt 0:00:31]} 40. Kd4 {[%emt 0:00:14]} Rd1 {[%emt 0:00:42]} 41. Kc3 {[%emt 0:00:29]} Nd7 {[%emt 0:00:45]} 42. Be2 {[%emt 0:00:54]} Re1 {[%emt 0:00:11]} 43. Kd2 {[%emt 0:00:13]} Rg1 {[%emt 0:00:05]} 44. Ke3 {[%emt 0:01:05]} Rg3+ {[%emt 0:00:03]} 45. Kd4 {[%emt 0:01:35]} Nf8 {[%emt 0:01:39]} 46. Bd3 {[%emt 0:02:01]} Ne6+ {[%emt 0:00:05]} 47. Kc3 {[%emt 0:00:05]} Nc5 {[%emt 0:00:21]} 48. Kd4 {[%emt 0:00:06]} Ne6+ {[%emt 0:00:41]} 49. Kc3 {[%emt 0:00:04]} Rg1 {[%emt 0:00:05]} 50. Kb2 {[%emt 0:02:15]} Nf4 {[%emt 0:00:58]} 51. Kc3 {[%emt 0:00:13]} Rd1 {[%emt 0:00:22]} 52. Ra5 {[%emt 0:01:28]} Ne6 {[%emt 0:01:03]} 53. Kb4 {[%emt 0:02:00]} Nc7 {[%emt 0:00:30]} 54. Kc5 {[%emt 0:01:11]} Na6+ {[%emt 0:00:28]} 55. Rxa6 {[%emt 0:01:48]} Kxa6 {[%emt 0:00:04]} 56. Kxc6 {[%emt 0:00:06]} Ka5 {[%emt 0:00:36]} 57. Bxb5 {[%emt 0:00:49]} Kb4 {[%emt 0:00:31]} 58. Bd3 {[%emt 0:00:04]} Rd2 {[%emt 0:00:28]} 1/2-1/2

[Event "15th Governor Cup 2019"]
[Site "Khanty-Mansiysk"]
[Date "2019.11.20"]
[Round "3.17"]
[White "Voskresenskaya, Marta"]
[Black "Pogosyan, Stefan"]
[Result "0-1"]
[WhiteElo "1859"]
[BlackElo "2455"]
[Annotator "ChessBase"]
[PlyCount "94"]
[EventDate "2019.11.19"]
[EventType "swiss"]
[EventCountry "RUS"]
[SourceTitle "playchess.com"]
[Source "ChessBase"]
[SourceQuality "1"]
[TimeControl "5400+30"]

1. d4 {[%emt 0:00:00]} Nf6 {[%emt 0:00:00]} 2. Nf3 {[%emt 0:00:00]} e6 {[%emt 0:00:00]} 3. c4 {[%emt 0:00:03]} b6 {[%emt 0:00:01]} 4. g3 {[%emt 0:00:11]} Ba6 {[%emt 0:00:08]} 5. Qc2 {[%emt 0:00:27]} Bb7 {[%emt 0:04:16]} 6. Bg2 {[%emt 0:00:34]} c5 {[%emt 0:00:42]} 7. e3 {[%emt 0:05:30]} Be7 {[%emt 0:00:37]} 8. O-O {[%emt 0:00:17]} O-O {[%emt 0:00:07]} 9. Nbd2 {[%emt 0:01:18]} cxd4 {[%emt 0:02:54]} 10. exd4 {[%emt 0:02:35]} Nc6 {[%emt 0:01:50]} 11. a3 {[%emt 0:05:05]} d5 {[%emt 0:01:42]} 12. cxd5 {[%emt 0:05:00]} Qxd5 {[%emt 0:01:44]} 13. Nb3 {[%emt 0:07:04]} Rfd8 {[%emt 0:08:25]} 14. Nh4 {[%emt 0:11:01]} Qb5 {[%emt 0:11:16]} 15. a4 {[%emt 0:06:13]} Qh5 {[%emt 0:01:10]} 16. Bf3 {[%emt 0:03:16]} Nb4 {[%emt 0:00:58]} 17. Qe2 {[%emt 0:05:38]} Bxf3 {[%emt 0:00:14]} 18. Qxf3 {[%emt 0:01:11]} Rac8 {[%emt 0:06:42]} 19. Bd2 {[%emt 0:14:38]} Qxf3 {[%emt 0:13:25]} 20. Nxf3 {[%emt 0:00:30]} Nd3 {[%emt 0:00:38]} 21. Bc3 {[%emt 0:00:27]} Ne4 {[%emt 0:04:08]} 22. Rad1 {[%emt 0:02:37]} Nxc3 {[%emt 0:01:16]} 23. Rxd3 {[%emt 0:00:02]} Nxa4 {[%emt 0:00:13]} 24. Rd2 {[%emt 0:00:31]} Nc3 {[%emt 0:08:11]} 25. Ra1 {[%emt 0:04:25]} Nb5 {[%emt 0:02:51]} 26. Nc1 {[%emt 0:05:22]} Bf6 {[%emt 0:01:29]} 27. Ne2 {[%emt 0:00:30]} Rd7 {[%emt 0:01:19]} 28. Kg2 {[%emt 0:04:19]} h5 {[%emt 0:01:33]} 29. h3 {[%emt 0:00:27]} Rc4 {[%emt 0:01:17]} 30. Rad1 {[%emt 0:04:09]} Rb4 {[%emt 0:02:39]} 31. Nf4 {[%emt 0:04:36]} g6 {[%emt 0:03:42]} 32. g4 {[%emt 0:02:40]} hxg4 {[%emt 0:02:22]} 33. hxg4 {[%emt 0:01:20]} Nxd4 {[%emt 0:00:32]} 34. g5 {[%emt 0:03:06]} Bg7 {[%emt 0:01:49]} 35. Ne2 {[%emt 0:00:57]} e5 {[%emt 0:00:28]} 36. Nexd4 {[%emt 0:00:55]} exd4 {[%emt 0:01:58]} 37. Ne1 {[%emt 0:00:35]} Rb5 {[%emt 0:01:49]} 38. f4 {[%emt 0:00:03]} d3 {[%emt 0:00:23]} 39. Nxd3 {[%emt 0:01:08]} Bxb2 {[%emt 0:01:03]} 40. Nxb2 {[%emt 0:00:36]} Rxb2 {[%emt 0:00:08]} 41. Rxb2 {[%emt 0:00:06]} Rxd1 {[%emt 0:00:04]} 42. Ra2 {[%emt 0:00:10]} a5 {[%emt 0:00:45]} 43. Rb2 {[%emt 0:00:01]} Rd6 {[%emt 0:00:10]} 44. Kf3 {[%emt 0:00:08]} Re6 {[%emt 0:00:31]} 45. f5 {[%emt 0:00:30]} gxf5 {[%emt 0:00:24]} 46. Kf4 {[%emt 0:00:02]} Re4+ {[%emt 0:00:16]} 47. Kxf5 {[%emt 0:00:03]} Rb4 {[%emt 0:00:06]} 0-1

[Event "15th Governor Cup 2019"]
[Site "Khanty-Mansiysk"]
[Date "2019.11.20"]
[Round "3.18"]
[White "Shafigullina, Zarina"]
[Black "Yakimova, Mariya"]
[Result "1-0"]
[WhiteElo "2295"]
[BlackElo "2276"]
[Annotator "ChessBase"]
[PlyCount "93"]
[EventDate "2019.11.19"]
[EventType "swiss"]
[EventCountry "RUS"]
[SourceTitle "playchess.com"]
[Source "ChessBase"]
[SourceQuality "1"]
[TimeControl "5400+30"]

1. Nf3 {[%emt 0:00:00]} e6 {[%emt 0:00:00]} 2. g3 {[%emt 0:00:00]} Nf6 {[%emt 0:00:16]} 3. Bg2 {[%emt 0:00:00]} d5 {[%emt 0:02:25]} 4. b3 {[%emt 0:01:38]} Be7 {[%emt 0:01:49]} 5. Bb2 {[%emt 0:00:25]} O-O {[%emt 0:01:32]} 6. c4 {[%emt 0:00:12]} c6 {[%emt 0:00:32]} 7. O-O {[%emt 0:00:53]} Nbd7 {[%emt 0:00:08]} 8. d4 {[%emt 0:12:54]} b5 {[%emt 0:16:49]} 9. c5 {[%emt 0:03:33]} Ne4 {[%emt 0:00:33]} 10. b4 {[%emt 0:00:46]} a5 {[%emt 0:03:07]} 11. a3 {[%emt 0:08:55]} Qc7 {[%emt 0:05:25]} 12. Qc2 {[%emt 0:08:36]} f5 {[%emt 0:04:48]} 13. Ne5 {[%emt 0:05:35]} Bf6 {[%emt 0:00:47]} 14. f3 {[%emt 0:05:16]} Ng5 {[%emt 0:00:40]} 15. Nd3 {[%emt 0:11:40]} axb4 {[%emt 0:09:07]} 16. axb4 {[%emt 0:14:12]} Rxa1 {[%emt 0:00:00]} 17. Bxa1 {[%emt 0:00:00]} e5 {[%emt 0:00:02]} 18. f4 {[%emt 0:01:06]} exf4 {[%emt 0:01:02]} 19. gxf4 {[%emt 0:02:51]} Ne4 {[%emt 0:02:24]} 20. Ne5 {[%emt 0:00:20]} Nxe5 {[%emt 0:00:59]} 21. dxe5 {[%emt 0:00:54]} Bh4 {[%emt 0:01:18]} 22. Na3 {[%emt 0:09:18]} Qf7 {[%emt 0:07:12]} 23. Qd3 {[%emt 0:01:27]} Qh5 {[%emt 0:00:16]} 24. Nc2 {[%emt 0:01:08]} Bd7 {[%emt 0:05:21]} 25. Nd4 {[%emt 0:00:53]} Ra8 {[%emt 0:00:10]} 26. e6 {[%emt 0:08:39]} Be8 {[%emt 0:08:33]} 27. Bb2 {[%emt 0:00:26]} Ra4 {[%emt 0:00:40]} 28. Bxe4 {[%emt 0:01:24]} fxe4 {[%emt 0:00:20]} 29. Qd2 {[%emt 0:00:39]} Qg4+ {[%emt 0:05:43]} 30. Kh1 {[%emt 0:00:04]} Qh3 {[%emt 0:01:07]} 31. Rg1 {[%emt 0:00:09]} e3 {[%emt 0:04:43]} 32. Qc3 {[%emt 0:00:21]} Bf6 {[%emt 0:00:31]} 33. Qe1 {[%emt 0:00:04]} Bxd4 {[%emt 0:08:10]} 34. Bxd4 {[%emt 0:00:04]} Bg6 {[%emt 0:00:10]} 35. Rg3 {[%emt 0:00:11]} Qxe6 {[%emt 0:01:37]} 36. Rxe3 {[%emt 0:00:11]} Qg4 {[%emt 0:01:06]} 37. Rg3 {[%emt 0:01:57]} Qxf4 {[%emt 0:00:24]} 38. e3 {[%emt 0:00:46]} Qe4+ {[%emt 0:00:15]} 39. Kg1 {[%emt 0:00:06]} Ra7 {[%emt 0:06:32]} 40. Rg2 {[%emt 0:01:36]} Qd3 {[%emt 0:02:38]} 41. Qf1 {[%emt 0:00:25]} Qb3 {[%emt 0:00:33]} 42. Rf2 {[%emt 0:00:32]} Ra8 {[%emt 0:00:23]} 43. Qh3 {[%emt 0:00:24]} Bd3 {[%emt 0:00:49]} 44. Qe6+ {[%emt 0:00:17]} Kh8 {[%emt 0:00:05]} 45. Bxg7+ {[%emt 0:01:10]} Kxg7 {[%emt 0:00:05]} 46. Rf7+ {[%emt 0:00:31]} Kg8 {[%emt 0:00:06]} 47. Re7+ {[%emt 0:00:12]} 1-0

[Event "15th Governor Cup 2019"]
[Site "Khanty-Mansiysk"]
[Date "2019.11.20"]
[Round "3.19"]
[White "Chekletsov, Ilya"]
[Black "Kochukova, Anna"]
[Result "1-0"]
[WhiteElo "2386"]
[BlackElo "2117"]
[Annotator "ChessBase"]
[PlyCount "89"]
[EventDate "2019.11.19"]
[EventType "swiss"]
[EventCountry "RUS"]
[SourceTitle "playchess.com"]
[Source "ChessBase"]
[SourceQuality "1"]
[TimeControl "5400+30"]

1. d4 {[%emt 0:13:44]} Nf6 {[%emt 0:00:00]} 2. c4 {[%emt 0:00:43]} e6 {[%emt 0:00:00]} 3. g3 {[%emt 0:00:05]} d5 {[%emt 0:00:10]} 4. Bg2 {[%emt 0:00:06]} Be7 {[%emt 0:01:25]} 5. Nf3 {[%emt 0:00:07]} O-O {[%emt 0:00:16]} 6. O-O {[%emt 0:00:06]} b6 {[%emt 0:00:24]} 7. cxd5 {[%emt 0:02:32]} exd5 {[%emt 0:00:12]} 8. Bf4 {[%emt 0:00:47]} Bb7 {[%emt 0:00:14]} 9. Nc3 {[%emt 0:00:10]} Na6 {[%emt 0:00:15]} 10. Ne5 {[%emt 0:02:48]} c5 {[%emt 0:00:45]} 11. dxc5 {[%emt 0:00:05]} Nxc5 {[%emt 0:01:38]} 12. Nb5 {[%emt 0:01:01]} Ne6 {[%emt 0:10:27]} 13. Be3 {[%emt 0:03:45]} Qb8 {[%emt 0:04:37]} 14. Nd3 {[%emt 0:00:12]} Ne4 {[%emt 0:16:06]} 15. Rc1 {[%emt 0:07:33]} Rc8 {[%emt 0:04:24]} 16. Nf4 {[%emt 0:21:49]} Rxc1 {[%emt 0:11:49]} 17. Qxc1 {[%emt 0:01:34]} Nxf4 {[%emt 0:02:49]} 18. Bxf4 {[%emt 0:00:07]} Qf8 {[%emt 0:00:20]} 19. Rd1 {[%emt 0:05:27]} Rc8 {[%emt 0:04:16]} 20. Qb1 {[%emt 0:00:06]} a6 {[%emt 0:01:40]} 21. Nc7 {[%emt 0:01:02]} Rd8 {[%emt 0:08:45]} 22. Qd3 {[%emt 0:04:45]} b5 {[%emt 0:08:38]} 23. Qb3 {[%emt 0:02:47]} Nc5 {[%emt 0:06:24]} 24. Qc2 {[%emt 0:00:21]} Ne4 {[%emt 0:00:23]} 25. Qb3 {[%emt 0:01:44]} Nc5 {[%emt 0:00:12]} 26. Qe3 {[%emt 0:00:34]} Ne4 {[%emt 0:10:56]} 27. Qb6 {[%emt 0:05:54]} Ba8 {[%emt 0:04:18]} 28. Nxa6 {[%emt 0:00:27]} b4 {[%emt 0:01:43]} 29. Bxe4 {[%emt 0:04:06]} dxe4 {[%emt 0:00:04]} 30. Rxd8 {[%emt 0:00:04]} Bxd8 {[%emt 0:00:12]} 31. Qxb4 {[%emt 0:00:04]} Qe8 {[%emt 0:00:39]} 32. Qb8 {[%emt 0:02:44]} Bc6 {[%emt 0:00:20]} 33. Bc7 {[%emt 0:00:13]} Bxc7 {[%emt 0:00:28]} 34. Qxe8+ {[%emt 0:00:05]} Bxe8 {[%emt 0:00:05]} 35. Nxc7 {[%emt 0:00:03]} Bc6 {[%emt 0:00:16]} 36. Kf1 {[%emt 0:00:08]} Kf8 {[%emt 0:00:12]} 37. Ke1 {[%emt 0:00:19]} Ke7 {[%emt 0:00:31]} 38. Kd2 {[%emt 0:00:45]} Kd6 {[%emt 0:00:30]} 39. Na6 {[%emt 0:00:06]} Bb5 {[%emt 0:00:29]} 40. Nb4 {[%emt 0:00:06]} Kc5 {[%emt 0:00:05]} 41. Nc2 {[%emt 0:00:04]} f5 {[%emt 0:00:36]} 42. b3 {[%emt 0:00:28]} g5 {[%emt 0:00:14]} 43. a4 {[%emt 0:00:15]} Bd7 {[%emt 0:00:09]} 44. e3 {[%emt 0:00:49]} h6 {[%emt 0:01:19]} 45. Kc3 {[%emt 0:00:05]} 1-0

[Event "15th Governor Cup 2019"]
[Site "Khanty-Mansiysk"]
[Date "2019.11.20"]
[Round "3.20"]
[White "Semenova, Elena"]
[Black "Mukhina, Jana"]
[Result "1-0"]
[WhiteElo "2282"]
[BlackElo "2105"]
[Annotator "ChessBase"]
[PlyCount "21"]
[EventDate "2019.11.19"]
[EventType "swiss"]
[EventCountry "RUS"]
[SourceTitle "playchess.com"]
[Source "ChessBase"]
[SourceQuality "1"]
[TimeControl "5400+30"]

1. e4 {[%emt 0:00:00]} e5 {[%emt 0:00:00]} 2. Nf3 {[%emt 0:00:00]} Nc6 {[%emt 0:00:04]} 3. Bb5 {[%emt 0:00:04]} a6 {[%emt 0:00:14]} 4. Ba4 {[%emt 0:00:05]} Nf6 {[%emt 0:00:20]} 5. O-O {[%emt 0:00:08]} d6 {[%emt 0:00:54]} 6. Re1 {[%emt 0:05:12]} Bd7 {[%emt 0:00:27]} 7. c3 {[%emt 0:01:03]} g6 {[%emt 0:00:24]} 8. d4 {[%emt 0:00:05]} Bg7 {[%emt 0:00:13]} 9. Nbd2 {[%emt 0:00:12]} Qe7 {[%emt 0:06:43]} 10. h3 {[%emt 0:01:31]} O-O {[%emt 0:00:21]} 11. Nf1 {[%emt 0:12:36]} 1-0

[Event "15th Governor Cup 2019"]
[Site "Khanty-Mansiysk"]
[Date "2019.11.20"]
[Round "3.21"]
[White "Mironenko, Galina"]
[Black "Ryabov, Georgi"]
[Result "0-1"]
[WhiteElo "2236"]
[BlackElo "1887"]
[Annotator "ChessBase"]
[PlyCount "80"]
[EventDate "2019.11.19"]
[EventType "swiss"]
[EventCountry "RUS"]
[SourceTitle "playchess.com"]
[Source "ChessBase"]
[SourceQuality "1"]
[TimeControl "5400+30"]

1. e4 {[%emt 0:00:00]} Nf6 {[%emt 0:02:22]} 2. e5 {[%emt 0:01:12]} Nd5 {[%emt 0:01:13]} 3. d4 {[%emt 0:00:48]} d6 {[%emt 0:00:52]} 4. c4 {[%emt 0:00:30]} Nb6 {[%emt 0:00:06]} 5. exd6 {[%emt 0:01:32]} cxd6 {[%emt 0:00:15]} 6. Nf3 {[%emt 0:03:41]} g6 {[%emt 0:00:26]} 7. b3 {[%emt 0:02:08]} Bg7 {[%emt 0:00:59]} 8. Bb2 {[%emt 0:00:36]} O-O {[%emt 0:01:09]} 9. Be2 {[%emt 0:01:51]} Nc6 {[%emt 0:02:03]} 10. O-O {[%emt 0:02:08]} e5 {[%emt 0:05:13]} 11. d5 {[%emt 0:07:45]} Ne7 {[%emt 0:00:36]} 12. Nc3 {[%emt 0:02:59]} h6 {[%emt 0:02:48]} 13. Ba3 {[%emt 0:07:04]} Bg4 {[%emt 0:12:25]} 14. Ne4 {[%emt 0:11:11]} Nbc8 {[%emt 0:02:30]} 15. c5 {[%emt 0:05:19]} dxc5 {[%emt 0:06:41]} 16. d6 {[%emt 0:09:36]} Nc6 {[%emt 0:02:39]} 17. Bxc5 {[%emt 0:01:52]} f5 {[%emt 0:06:02]} 18. Qd5+ {[%emt 0:05:59]} Kh7 {[%emt 0:01:30]} 19. Ned2 {[%emt 0:09:52]} e4 {[%emt 0:10:19]} 20. Rae1 {[%emt 0:10:42]} exf3 {[%emt 0:01:21]} 21. Bxf3 {[%emt 0:00:09]} Bxf3 {[%emt 0:00:47]} 22. Nxf3 {[%emt 0:00:07]} Nb6 {[%emt 0:00:11]} 23. Qd3 {[%emt 0:00:48]} Nd7 {[%emt 0:00:38]} 24. Ba3 {[%emt 0:00:18]} Qa5 {[%emt 0:03:25]} 25. Bc1 {[%emt 0:01:11]} Nde5 {[%emt 0:00:19]} 26. Nxe5 {[%emt 0:01:08]} Nxe5 {[%emt 0:00:14]} 27. Qh3 {[%emt 0:00:24]} Rae8 {[%emt 0:06:22]} 28. Rd1 {[%emt 0:02:47]} Nd7 {[%emt 0:00:39]} 29. Qf3 {[%emt 0:01:51]} Re4 {[%emt 0:00:32]} 30. a3 {[%emt 0:01:10]} Qc3 {[%emt 0:01:14]} 31. Rd3 {[%emt 0:00:49]} Qc6 {[%emt 0:00:16]} 32. Qd1 {[%emt 0:01:17]} Rfe8 {[%emt 0:00:33]} 33. Qd2 {[%emt 0:04:01]} Re2 {[%emt 0:00:52]} 34. Qf4 {[%emt 0:00:24]} Re1 {[%emt 0:01:12]} 35. Rd1 {[%emt 0:00:31]} Rxf1+ {[%emt 0:00:32]} 36. Rxf1 {[%emt 0:00:06]} Re4 {[%emt 0:00:28]} 37. Qg3 {[%emt 0:00:21]} Rg4 {[%emt 0:00:18]} 38. Qh3 {[%emt 0:00:11]} Qxd6 {[%emt 0:00:45]} 39. Qf3 {[%emt 0:00:07]} Re4 {[%emt 0:00:31]} 40. Rd1 {[%emt 0:00:16]} Ne5 {[%emt 0:00:40]} 0-1

[Event "15th Governor Cup 2019"]
[Site "Khanty-Mansiysk"]
[Date "2019.11.20"]
[Round "3.22"]
[White "Dorofeeva, Nyurguiaana"]
[Black "Mochalin, Faddey"]
[Result "0-1"]
[WhiteElo "1848"]
[BlackElo "2188"]
[Annotator "ChessBase"]
[PlyCount "102"]
[EventDate "2019.11.19"]
[EventType "swiss"]
[EventCountry "RUS"]
[SourceTitle "playchess.com"]
[Source "ChessBase"]
[SourceQuality "1"]
[TimeControl "5400+30"]

1. d4 {[%emt 0:00:00]} d5 {[%emt 0:00:00]} 2. Nf3 {[%emt 0:00:00]} Nf6 {[%emt 0:00:00]} 3. Bf4 {[%emt 0:00:01]} c5 {[%emt 0:00:02]} 4. e3 {[%emt 0:00:09]} Nc6 {[%emt 0:00:13]} 5. c3 {[%emt 0:00:29]} Qb6 {[%emt 0:00:11]} 6. Qc1 {[%emt 0:00:59]} Bf5 {[%emt 0:01:30]} 7. Nbd2 {[%emt 0:01:01]} e6 {[%emt 0:01:17]} 8. h3 {[%emt 0:01:08]} h6 {[%emt 0:00:52]} 9. Be2 {[%emt 0:00:40]} Be7 {[%emt 0:00:44]} 10. O-O {[%emt 0:00:55]} O-O {[%emt 0:00:36]} 11. Bd1 {[%emt 0:02:37]} Rac8 {[%emt 0:01:35]} 12. dxc5 {[%emt 0:03:26]} Qxc5 {[%emt 0:02:05]} 13. Nb3 {[%emt 0:02:18]} Qb6 {[%emt 0:00:44]} 14. Bc2 {[%emt 0:03:34]} Bxc2 {[%emt 0:04:00]} 15. Qxc2 {[%emt 0:00:08]} Qa6 {[%emt 0:02:30]} 16. Qd1 {[%emt 0:03:25]} b5 {[%emt 0:02:49]} 17. a3 {[%emt 0:06:51]} Nd7 {[%emt 0:04:45]} 18. Qe2 {[%emt 0:03:41]} Nb6 {[%emt 0:01:21]} 19. Nbd4 {[%emt 0:02:24]} Nxd4 {[%emt 0:05:12]} 20. Nxd4 {[%emt 0:02:10]} Nc4 {[%emt 0:02:27]} 21. a4 {[%emt 0:05:01]} e5 {[%emt 0:01:40]} 22. axb5 {[%emt 0:09:47]} Qf6 {[%emt 0:00:29]} 23. Bxe5 {[%emt 0:11:17]} Nxe5 {[%emt 0:03:00]} 24. Rxa7 {[%emt 0:00:58]} Bc5 {[%emt 0:01:08]} 25. Ra6 {[%emt 0:00:30]} Qe7 {[%emt 0:02:33]} 26. Nf5 {[%emt 0:06:58]} Qg5 {[%emt 0:02:38]} 27. e4 {[%emt 0:01:15]} g6 {[%emt 0:01:54]} 28. h4 {[%emt 0:00:51]} Qf4 {[%emt 0:00:37]} 29. g3 {[%emt 0:03:18]} Qxe4 {[%emt 0:02:45]} 30. Qxe4 {[%emt 0:07:07]} dxe4 {[%emt 0:00:09]} 31. Ne3 {[%emt 0:00:31]} Bxe3 {[%emt 0:00:54]} 32. fxe3 {[%emt 0:00:06]} Nc4 {[%emt 0:00:16]} 33. b3 {[%emt 0:03:22]} Nxe3 {[%emt 0:00:28]} 34. Rc1 {[%emt 0:00:24]} Nf5 {[%emt 0:01:54]} 35. Kg2 {[%emt 0:00:35]} e3 {[%emt 0:00:21]} 36. c4 {[%emt 0:00:49]} Rfe8 {[%emt 0:00:34]} 37. b6 {[%emt 0:01:06]} Nd4 {[%emt 0:01:17]} 38. b4 {[%emt 0:02:51]} e2 {[%emt 0:01:49]} 39. b7 {[%emt 0:07:58]} Rb8 {[%emt 0:02:01]} 40. Ra8 {[%emt 0:00:21]} Rxa8 {[%emt 0:01:00]} 41. bxa8=Q Rxa8 {[%emt 0:00:13]} 42. Kf2 {[%emt 0:00:33]} Re8 {[%emt 0:00:24]} 43. Re1 {[%emt 0:00:24]} Nc2 {[%emt 0:00:27]} 44. Rxe2 {[%emt 0:00:13]} Rxe2+ {[%emt 0:00:08]} 45. Kxe2 {[%emt 0:00:06]} Nxb4 {[%emt 0:00:07]} 46. Ke3 {[%emt 0:00:16]} Kf8 {[%emt 0:00:15]} 47. Ke4 {[%emt 0:00:44]} Ke7 {[%emt 0:00:16]} 48. g4 {[%emt 0:00:39]} Ke6 {[%emt 0:00:20]} 49. g5 {[%emt 0:01:20]} hxg5 {[%emt 0:00:31]} 50. hxg5 {[%emt 0:00:06]} Nc6 {[%emt 0:00:13]} 51. Kf4 {[%emt 0:01:40]} Ne5 {[%emt 0:00:13] Kxe5+ Kxe5} 0-1

[Event "15th Governor Cup 2019"]
[Site "Khanty-Mansiysk"]
[Date "2019.11.21"]
[Round "4.1"]
[White "Rakhmanov, Aleksandr"]
[Black "Rozum, Ivan"]
[Result "1-0"]
[WhiteElo "2638"]
[BlackElo "2593"]
[Annotator "TA"]
[PlyCount "113"]
[EventDate "2019.11.19"]
[EventType "swiss"]
[EventCountry "RUS"]
[SourceTitle "playchess.com"]
[Source "ChessBase"]
[SourceQuality "1"]

{[%evp 13,113,0,0,0,0,0,0,9,17,20,11,9,19,19,16,16,14,14,14,27,53,52,46,50,42,49,42,44,43,45,45,11,45,43,59,56,75,73,55,39,39,40,25,8,12,11,21,0,0,0,0,0,0,0,0,0,0,0,8,8,8,8,6,8,8,34,70,66,76,80,220,142,105,172,1631,1595,766,1194,2732,2195,4631,4631,5664,5664,5664,5664,5539,5469,2087,455,5671,5671,5671,5671,5664,5664,5469,5114,29992,29993,29993,1000]} 1. d4 Nf6 $146 ({Predecessor:} 1... d5 2. c4 e6 3. Nc3 Bb4 4. e3 Nf6 5. Nf3 {½-½ (54) Vitiugov,N (2730)-Inarkiev,E (2690) Satka 2018}) 2. c4 e6 3. Nc3 Bb4 4. e3 O-O 5. Nf3 d5 6. Bd2 b6 7. cxd5 exd5 8. Rc1 {E51: Nimzo-Indian: Rubinstein: 4...0-0 5 Nf3 d5} Be7 9. Bd3 Bb7 10. O-O {The position is equal.} c5 11. dxc5 bxc5 12. Re1 Nc6 13. Bb1 Re8 14. e4 dxe4 15. Nxe4 Nd4 16. Nxd4 cxd4 17. Qa4 Nxe4 18. Bxe4 Bxe4 19. Rxe4 Bf6 20. Ba5 Qb8 21. Rxe8+ Qxe8 22. Qxe8+ Rxe8 $14 {[%mdl 4096] Endgame KRB-KRB} 23. Kf1 h6 24. b3 $1 Re5 25. Bd2 d3 26. Be3 Bg5 $1 27. Re1 Rd5 28. Rd1 Bxe3 29. fxe3 $11 {KR-KR} h5 30. g3 Rc5 31. Rxd3 Rc2 32. a3 Rxh2 33. Rd8+ Kh7 34. Rd5 Kg6 35. Ra5 Rc2 36. Rxa7 Rc3 37. Rb7 Rxe3 38. Kf2 Rc3 39. a4 {[%cal Ba3a4,Ba4a5,Ba5a6,Ba6a7][%mdl 32]} Kf6 40. a5 Rc2+ 41. Ke3 {aiming for a6.} Ke5 (41... Ra2 $16) 42. a6 ({But not} 42. Rxf7 $6 Rc3+ 43. Kf2 Rxb3 $16) 42... Ra2 43. a7 {Threatens to win with b4.} ({Much worse is} 43. Rxf7 $6 Rxa6 44. Rxg7 Rb6 $11) 43... g5 $2 {[#]} (43... Ra3 44. Kd3 (44. Rxf7 g5 $16) 44... Kd5) 44. b4 $1 $18 Kd5 {[#]} 45. b5 $1 h4 46. gxh4 gxh4 47. b6 h3 48. Rd7+ Kc6 49. b7 Rxa7 50. b8=Q {White wants to mate with Rd6+.} Rxd7 {KQ-KR} 51. Ke4 (51. Qf4 $142 Re7+ 52. Kf3) 51... Rd6 (51... Re7+ $142 52. Kf3 Re6) 52. Qc8+ Kb6 53. Qxh3 Kc7 54. Qh8 Kd7 55. Qf8 Ke6 56. Qe8+ Kf6 57. Qe5+ {[%mdl 64] Double Attack. Accuracy: White = 86%, Black = 49%.} 1-0